|
|
|
|
| LEADER |
02568nam a2200421 a 4500 |
| 001 |
13556414 |
| 003 |
BD-DhAAL |
| 008 |
090727r20082005paua b 001 0 eng d |
| 010 |
|
|
|a \\2004048276
|
| 020 |
|
|
|a 0781746124
|
| 020 |
|
|
|a 9788189836603
|
| 020 |
|
|
|a 1582558485
|
| 040 |
|
|
|a DNLM/DLC
|c DLC
|d DLC
|d BD-DhAAL
|
| 082 |
0 |
0 |
|a 615/.1
|2 22
|
| 100 |
1 |
|
|a Allen, Loyd V.
|
| 245 |
1 |
0 |
|a Ansel's pharmaceutical dosage forms and drug delivery systems /
|c Loyd V. Allen Jr., Nicholas G. Popovich, Howard C. Ansel.
|
| 246 |
3 |
0 |
|a Pharmaceutical dosage forms and drug delivery systems
|
| 250 |
|
|
|a Eighth edition.
|
| 260 |
|
|
|a Philadelphia :
|b Lippincott Williams & Wilkins ;
|a New Delhi :
|b Wolters Kluwer,
|c 2005 [reprinted 2008].
|
| 300 |
|
|
|a xi, 738 pages :
|b illustrations ;
|c 26 cm.
|
| 500 |
|
|
|a Rev. ed. of: Pharmaceutical dosage forms and drug delivery systems / Howard C. Ansel, Loyd V. Allen, Jr., Nicholas G. Popovich. 7th ed. c1999.
|
| 504 |
|
|
|a Includes bibliographical references and index.
|
| 526 |
|
|
|x Mustak Ibn Ayub
Department of Mathematics and Natural Sciences
Course name and no. "not available"
|
| 541 |
1 |
|
|a Parash Publishers
|e 00018840
|
| 650 |
|
0 |
|a Drugs
|x Dosage forms.
|
| 650 |
|
0 |
|a Drug delivery systems.
|
| 650 |
1 |
2 |
|a Dosage Forms.
|
| 650 |
2 |
2 |
|a Drug Delivery Systems.
|
| 650 |
2 |
2 |
|a Pharmacy.
|
| 700 |
1 |
|
|a Popovich, Nicholas G.
|9 13838
|
| 700 |
1 |
|
|a Ansel, Howard C.,
|d 1933-
|9 13839
|
| 700 |
1 |
|
|a Ansel, Howard C.,
|d 1933-
|t Pharmaceutical dosage forms and drug delivery systems.
|9 58758
|
| 852 |
4 |
|
|a Ayesha Abed Library
|j General shelf
|
| 942 |
|
|
|2 ddc
|c BK
|
| 999 |
|
|
|c 8638
|d 8638
|
| 952 |
|
|
|0 0
|1 0
|2 ddc
|4 0
|6 615_000000000000000__1_ALL_2008
|7 0
|9 10310
|a PHR
|b PHR
|c GEN
|d 2010-05-18
|e Parash Publishers
|g 1594.00
|l 6
|m 57
|o 615.1 ALL
|p 3010018840
|r 2017-01-15
|s 2017-01-11
|t 2
|w 2010-05-18
|y BK
|x Requisitioned by Mustak Ibn Ayub, Department of Mathematics and Natural Sciences, Course name and no. "not available"
|
| 952 |
|
|
|0 0
|1 0
|2 ddc
|4 0
|6 615_100000000000000_ALL_2008
|7 0
|9 10311
|a BRACUL
|b BRACUL
|c GEN
|d 2010-05-18
|e Parash Publishers
|g 1594.00
|l 5
|m 45
|o 615.1 ALL
|p 3010018839
|r 2019-08-07
|s 2019-08-01
|t 1
|w 2010-05-18
|y BK
|x Requisitioned by Mustak Ibn Ayub, Department of Mathematics and Natural Sciences, Course name and no. "not available''
|
| 952 |
|
|
|0 0
|1 0
|2 ddc
|4 0
|6 615_100000000000000_ALL_2009
|7 0
|9 10312
|a BRACUL
|b BRACUL
|c GEN
|d 2010-05-18
|e Parash Publishers
|g 1594.00
|l 4
|m 51
|o 615.1 ALL
|p 3010019023
|r 2018-12-10
|s 2018-07-25
|t 3
|w 2010-05-18
|y BK
|x Requisitioned by Mustak Ibn Ayub, Department of Mathematics and Natural Sciences, Course name and no. "not available"
|